000 00724nam a22001697a 4500
999 _c60747
_d60747
005 20231018164227.0
008 231018s1975 ru ||||| |||| 00| 0 rus d
041 _arus
080 _a902.6 Д-72
100 _aДрачук, В. С.
_920112
245 _aСистемы знаков Северного Причерноморья:
_bТамгообразные знаки северопонтийской периферии антич. мира первых веков нашей эры /
_cВиктор Семенович Драчук.
264 _aКиев:
_bНаук. думка,
_c1975.
300 _a176 с.;
_b27 см.
653 _aისტორია
653 _aარქეოლოგია
942 _2udc
_cBK